| 000 | 00406nam a2200181Ia 4500 | ||
|---|---|---|---|
| 001 | 15681 | ||
| 005 | 20260306170214.0 | ||
| 008 | 260306t1962||||xx |||||||||||||| ||und|| | ||
| 041 | _aESP | ||
| 082 |
_a573.4 _bH27 |
||
| 100 |
_aHawley, Amos H. _eAUT |
||
| 245 | 0 | _aEcología humana | |
| 260 | _c1962 | ||
| 300 |
_a433 páginas : _ccm. |
||
| 650 | _aGEN | ||
| 654 | _aCCN | ||
| 942 |
_cLIB _dJUS _fJUS _2ddc _n |
||
| 999 |
_c15681 _d15681 |
||